Statistics for Mitski Trivia

Click here to take the quiz!

General Stats

  • This quiz has been taken 75 times
  • The average score is 8 of 23

Answer Stats

HintAnswer% Correct
What was her first album?Lush
84%
In what song does she scream at the end of?Drunk Walk Home
72%
Texas is a what?Landlocked state
63%
What is her twitter username?mitskileaks
55%
What Icelandic singer does Mitski cite as one of her musical influences?Bjork
52%
Which movie's soundtrack was she featured on?Everything Everywhere All At Once
52%
In what music video does the protagonist kill her husband with an axe?Happy
52%
What major artist did Mitski open for in 2022?Harry Styles
52%
What is Mitski's full name now?Mitski Miyawaki
48%
What is Mitski's full birth name?Mitsuki Laycock
41%
What show is referenced in the title of her third album?The Simpsons
41%
What song did she cover for the After Yang soundtrack?Glide
34%
What did Mitski first major in before music?Film
23%
Where does Mitski live now?Nashville
22%
What musical is referenced in the Stay Soft music video?Little Shop of Horrors
14%
When was MItski born?September 27, 1990
14%
What crime was Mitski accused of by a person on Tumblr who was off their meds?Child Trafficking
9%
Where did Mitski graduate from college?SUNY Purchase
9%
Where was Mitski born?Mie Prefecture, Japan
8%
Where did Mitski first attend college?Hunter College
6%
What city did the Laurel Hell tour start in?Asheville
5%
Where was the "Working For The Knife" music video filmed?The Egg
3%
What EP did she release between Be The Cowboy and Laurel Hell?This Is Where We Fall soundtrack
3%

Score Distribution

Percentile by Number Answered

Percent of People with Each Score

Your Score History

You have not taken this quiz